Engineering mechanics. (Record no. 60624)

000 -LEADER
fixed length control field 01068cam a2200289 a 4500
001 - CONTROL NUMBER
control field 13500196
003 - CONTROL NUMBER IDENTIFIER
control field NUST-PNEC
005 - DATE AND TIME OF LATEST TRANSACTION
control field 20170116180703.0
008 - FIXED-LENGTH DATA ELEMENTS--GENERAL INFORMATION
fixed length control field 040224s2010 njua 001 0 eng
010 ## - LIBRARY OF CONGRESS CONTROL NUMBER
LC control number 2009278794
020 ## - INTERNATIONAL STANDARD BOOK NUMBER
International Standard Book Number 9780136077916
020 ## - INTERNATIONAL STANDARD BOOK NUMBER
International Standard Book Number 0136077919
040 ## - CATALOGING SOURCE
Original cataloging agency DLC
Transcribing agency PNEC
Modifying agency DLC
050 00 - LIBRARY OF CONGRESS CALL NUMBER
Classification number TA352
Item number .H5 2010
082 00 - DEWEY DECIMAL CLASSIFICATION NUMBER
Classification number 620.104 HIB
100 1# - MAIN ENTRY--PERSONAL NAME
Personal name Hibbeler, R. C.
245 10 - TITLE STATEMENT
Title Engineering mechanics.
Name of part/section of a work PNECDynamics /
Statement of responsibility, etc. R.C. Hibbeler.
250 ## - EDITION STATEMENT
Edition statement 12th ed.
260 ## - PUBLICATION, DISTRIBUTION, ETC.
Place of publication, distribution, etc. Upper Saddle River, NJ :
Name of publisher, distributor, etc. Prentice Hall,
Date of publication, distribution, etc. c2010.
300 ## - PHYSICAL DESCRIPTION
Extent xv, 732 p. :
Other physical details col. ill. ;
Dimensions 25 cm.
500 ## - GENERAL NOTE
General note Includes index. www.amazon.com/Engineering-Mechanics-Dynamics-Russell-Hibbeler/dp/0136077919/ref=sr_1_1?s=books&ie=UTF8&qid=1410596999&sr=1-1&keywords=0136077919
650 #0 - SUBJECT ADDED ENTRY--TOPICAL TERM
Topical term or geographic name entry element Dynamics.
General subdivision ME
906 ## - LOCAL DATA ELEMENT F, LDF (RLIN)
a 7
b cbc
c origcop
d 2
e ncip
f 20
g y-gencatlg
942 ## - ADDED ENTRY ELEMENTS (KOHA)
Source of classification or shelving scheme
Koha item type Book
Holdings
Withdrawn status Lost status Source of classification or shelving scheme Damaged status Not for loan Permanent Location Current Location Shelving location Date acquired Source of acquisition Cost, normal purchase price Total Checkouts Full call number Barcode Date last seen Cost, replacement price Price effective from Koha item type
          Pakistan Navy Engineering College (PNEC) Pakistan Navy Engineering College (PNEC) Reference 02/18/2011 Progressive International Agency 17998.00   620.104 HIB PNECLIB-030337 09/13/2014 17998.00 02/18/2011 Book
© 2023 Central Library, National University of Sciences and Technology. All Rights Reserved.